Statystyki dla Państwa jedzące najwięcej ryb

Kliknij tutaj aby rozwiązać quiz!

Ogólne statystyki

  • Ten quiz został rozwiązany 15 997 razy
  • Średni wynik to 7 z 20

Statystyki odpowiedzi

Gramy na dzieńPaństwo% Poprawnych
16.6Japonia
94%
14.8Norwegia
74%
16.3Korea Południowa
62%
30.0Islandia
57%
13.9Indonezja
53%
16.7Malezja
36%
15.4Portugalia
34%
15.2Tajwan
32%
13.3Mikronezja
24%
16.0Nauru
23%
18.4Palau
23%
29.6Malediwy
22%
14.7Tuvalu
22%
23.8Kiribati
21%
12.9Samoa
20%
18.4Seszele
18%
13.4Kambodża
17%
15.9Mjanma
15%
12.7Barbados
12%
14.6Antigua i Barbuda
10%

Rozkład punktacji

Percentyl według liczby udzielonych odpowiedzi

Procent ludzi z każdym wynikiem

Twoja historia wyników

Nie rozwiązałeś tego quizu